[Event "Sucre op"]
[Site "Sucre"]
[Date "2022.10.16"]
[Round "7"]
[White "Chumacero Uzeda, Jafeth Joel"]
[Black "Herrera, Jhon"]
[Result "1/2-1/2"]
[WhiteElo "1658"]
[BlackElo "1738"]
[PlyCount "91"]
[EventDate "2022.10.13"]
[EventType "swiss"]
[EventRounds "7"]
[EventCountry "BOL"]
[SourceTitle "CBM 210 Extra"]
[Source "ChessBase"]
[SourceDate "2022.11.30"]
[SourceVersion "1"]
[SourceVersionDate "2022.11.30"]
[SourceQuality "1"]

1. d4 Nf6 2. Nf3 e6 3. e3 b6 4. Bd3 Bb7 5. 0-0 d5 6. Nbd2 Nbd7 7. b3 Bd6 8. Bb2 Ne4 9. Ne5 Qe7 10. Bxe4 dxe4 11. Nec4 f5 12. Rc1 h5 13. Nxd6+ cxd6 14. Ba3 b5 15. c4 a6 16. Qc2 Rc8 17. Qc3 Nf6 18. Qa5 Qd7 19. cxb5 axb5 20. Rxc8+ Bxc8 21. Rc1 Nd5 22. Bxd6 g5 23. a4 Kf7 24. Be5 Rg8 25. Qxb5 Qxb5 26. axb5 Bd7 27. Nc4 Ra8 28. b6 Bc6 29. b7 Bxb7 30. Nd6+ Ke7 31. Nxb7 Ra2 32. h4 f4 33. exf4 gxf4 34. Nc5 e3 35. fxe3 fxe3 36. Ne4 Rb2 37. Nc3 Nb4 38. Nd1 Rxb3 39. Kf1 Nd5 40. Ke2 Ra3 41. Rc2 Kf7 42. Kf3 Rd3 43. Nb2 Rb3 44. Nc4 Ne7 45. Nd6+ Kg6 46. Re2 1/2-1/2